01366nam a2200277 a 450000100100000000500170001000800410002704000250006808200080009311000340010124500570013526001000019230000200029249000320031249000250034450400740036950500780044383000400052183000330056104900090059495201230060395201230072695201080084995201140095799900170107100002992420200930055919.0110427s2004 dr 000 0 spa d aDO-SdBNPbspacBNPHU axxx aCuadernos Municipales.95666810aFinanzas municipales :bEl manual del ayuntamiento/. aSanto Domingo :bComisión Presidencial para la reforma y modernización del Estado,c[s.f.]. a59 p. ;c20 cm.1 aCuaderno MunicipalesvNo. 31 aBiblioteca Municipal aIncluye referencias bibliográficas y notas al pie de las páginas. aIngresos - egresos - presupuestos - empréstitos - pagos - contabilidad. 0aCuadernos MunicipalesvNo. 3956669 0aBiblioteca Municipal.956671 aBNPD 001054708DSaGRbGRcCTd2011-04-29iLF1l0oxxx p29924-30r2020-06-25te. 3w2020-06-25yLFDSZPréstamo en sala 001054708DSaGRbGRcCTd2011-04-29iLF1l0oxxx p29924-40r2020-06-25te. 4w2020-06-25yLFDSZPréstamo en sala 0010718PDaPDbPDcCTd2011-04-27iLF1l0oxxx p29924-10r2020-06-25w2020-06-25yLFPDZNo se presta 0010718PDaPDbPDcCTd2011-04-27iLF1l0oxxx p29924-20r2020-06-25te. 2w2020-06-25yLFPDZNo se presta c29416d29416